00629nam a2200193 a 45000010005000000030005000050050017000100080041000270400020000681000028000882450062001162600047001783000011002256500038002366500039002749420013003139990015003269520094003413607CDMR20131016173602.0130130s1968||||||||||||||||||||||||||||d aCDMRbcatcCDMR1 aSchulte, Henry F.9257314aThe Spanish press, 1470-1966b: print, power and politics aUrbanac1968bUniversity of Illinois Press a280 p.0493729aPremsaxHistòriazEspanya0494090aPremsa i políticazEspanya cMON2udc c3607d3607 00104070aCDMRbCDMRd2013-01-16l0oDt 9/27pCDMR13108454r2013-01-16w2013-01-16yMON